000 00601nam a2200193 i 4500
001 14336
003 ES-MaACL
005 20230906150757.0
007 t|
008 981214s1998 sp ||||1| spa d
020 _a84-922221-3-1
080 _a821.134.2-32"19"(082.2)
245 0 0 _aTercera edición del Certamen Literario "Santoña... la mar".
260 _aSantoña :
_bAyuntamiento, Comisión de Educación y Cultura,
_c1998.
300 _a60 p. ;
_c21 cm.
650 4 _aCuentos españoles-
_yS.XX.
_911487
710 2 _aSantoña.
_bAyuntamiento.
_96505
852 _aES-MaACL
_jL-21563
_bR.126837
999 _c14336
_d14336